| 000 | 00571nam a2200181Ia 4500 | ||
|---|---|---|---|
| 008 | 151018s9999 xx 000 0 und d | ||
| 082 |
_bRBASDV24803 _a891.463 |
||
| 100 | _aगो वि चिपळूणकर | ||
| 245 | _aगुणसंपदा | ||
| 250 | _b2 | ||
| 260 |
_bपुणे विद्यार्थी गृह _c1992 |
||
| 300 | _a96 | ||
| 600 | _aगो वि चिपळूणकर | ||
| 630 | _aगुणसंपदा | ||
| 700 | _aगो वि चिपळूणकर | ||
| 730 | _aगुणसंपदा | ||
| 942 | _cBOOK | ||
| 999 |
_c1024432 _d1024429 |
||